000 00680nam a2200205 i 4500
001 73959
003 ES-MaACL
005 20231221154435.0
007 t|
008 040914s1982 sp f |||| |dspa d
100 1 _aGonzález Márquez, Felipe,
_d1942-
_958780
245 1 3 _aUn estilo ético
_b: conversaciones con Víctor Márquez Reviriego /
_cFelipe González Márquez.
250 _a1ª ed.
260 _a[Barcelona] :
_bArgos Vergara,
_c1982.
300 _a216 p., 4 lám. ;
_c22 cm.
600 0 4 _aGonzález Márquez, Felipe-
_d1942-
_vEntrevistas
_958782
700 1 _aMárquez Reviriego, Victor.
_977033
852 _aES-MaACL
_jL-3654
999 _c73959
_d73959